| 000 | 00685nam a2200217Ia 4500 | ||
|---|---|---|---|
| 005 | 20250425162722.0 | ||
| 008 | 250425s9999 xx 000 0 und d | ||
| 020 | _a9780998841908 | ||
| 041 | _aeng | ||
| 082 |
_a551.47 _pGLA |
||
| 100 |
_aGlantz, Michael H., _ceditor |
||
| 110 | _aUNIVERSITY OF COLORADO, BOULDER | ||
| 245 | 0 |
_aEl niño Ready Nations and Disaster Risk Reduction (DRR ) : executive summary _ceidtado por Michael H. Glantz |
|
| 250 | _aPrimera edición | ||
| 260 |
_aBoulder _bUSAID _c2017 |
||
| 300 |
_a105 páginas _bilustraciones _c21 cm. |
||
| 650 | _aCorriente del Niño | ||
| 650 | _aReducción del riesgo de desastres | ||
| 942 | _c01 | ||
| 010 | _a102687 | ||
| 999 |
_c235050 _d235050 |
||